Normale Ansicht MARC-Ansicht ISBD

Liberalismus und imperialistischer Staat : (Titelsatznr. 37120)

[ MARC ]
MARC-Details
000 -Satzkennung
Kontrollfeld mit fester Länge 00963nam a22002531c 4500
001 - Kontrollnummer
Kontrollfeld a987673928
008 - Feld mit fester Länge zur physischen Beschreibung - Allgemeine Angaben
Kontrollfeld mit fester Länge 150625s1975 gw |||| 000u ger d
020 ## - Internationale Standardbuchnummer
Internationale Standardbuchnummer 3525333854
Verknüpfung 3-525-33385-4
041 ## - Sprachcode
Sprachcode des Textes/der Tonspur oder des separaten Titels ger
040 ## - Katalogisierungsquelle
Übertragungsstelle RU-10907106
003 - Kontrollnummer Identifier
Kontrollfeld RU-10907106
245 00 - Titel
Titel Liberalismus und imperialistischer Staat :
Zusatz zum Titel der Imperialismus als Problem liberaler Parteien in Deutschland 1890 - 1914 /
Verfasserangabe etc. hrsg. von Karl Holl ... Mit Beitr. von Lothar Albertin ..
264 ## - Produktion, Veröffentlichung, Distribution, Herstellung und Urheberrechtsvermerk
Herstellungs-, Veröffentlichungs- Vertriebs-, Erzeugungsort Göttingen :
Produzent, Herausgeber, Distributor, Hersteller Vandenhoeck & Ruprecht,
Datum der Herstellung, der Veröffentlichung, des Vertriebs oder des Urheberschutzvermerks 1975
300 ## - Physische Beschreibung
Umfang 176 S. : 19 cm
336 ## - Inhaltstyp
Inhaltstypterm Text
Inhaltstypcode txt
Quelle rdacontent
337 ## - Medientyp
Bezeichnung des Medientyps Computermedien
Medientypcode c
Quelle rdamedia
338 ## - Datenträgertyp
Datenträgertypbezeichnung Online-Ressource
Datenträgertypcode cr
Quelle rdacarrier
490 #0 - Gesamttitelangabe
Gesamttitelangabe Kleine Vandenhoeck-Reihe
Bandnummer/Folgebezeichnung 1415
500 ## - Allgemeine Fußnote
Allgemeine Fußnote Online Ressource, frei zugänglich
700 1# - Nebeneintragung - Personenname
Personenname Holl, Karl
Funktionsbezeichnung HerausgeberIn
700 1# - Nebeneintragung - Personenname
Personenname Albertin, Lothar
Funktionsbezeichnung MitarbeiterIn
856 4# - Elektronische Adresse und Zugriff
URL <a href="http://nbn-resolving.de/urn/resolver.pl?urn=urn:nbn:de:bvb:12-bsb00048165-8">http://nbn-resolving.de/urn/resolver.pl?urn=urn:nbn:de:bvb:12-bsb00048165-8</a>
942 ## - Zusätzliche Felder (Koha)
Koha-Medientyp E-Books
Exemplare
Ausgeschieden Verloren Beschädigt Nicht entleihbar Heimatbibliothek Aufenthaltsbibliothek Aufstellungsort Erwerbungsdatum Inventarnummer Signatur Barcode Letzte Aktivität Preis gültig von Koha-Medientyp
        MWN Osteuropa MWN Osteuropa Online-Ressource 25/06/2015 15-e00094 Digierß E-15-e00094 | D 44 eh Hol 37124 18/03/2021 22/03/2021 E-Books